000 03243nam a2200541 i 4500
003 DO-SdBNP
005 20250910113835.0
007 ta
008 250910s2025 dr o 000 0 spa d
020 _a9789945950427
040 _aDO-SdBNP
_bspa
_cBNPHU
_erda
082 _axxx
_bM425
_222
110 2 _aBanco de Reservas de la República Dominicana
_96285
245 1 0 _aReservas patrimoniales dominicanas /
_cprólogo, Andrés L. Mateo ; textos, Carlos Andújar Persinal, Dagoberto Tejeda Ortiz, Manuel García Arévalo, Japonesa Capellán, Edis Sánchez, Edwin Espinal Hernández, Bolivar Troncoso Morales y otros cuatro ; fotografías, César de la Cruz, Timoteo Estévez, Francisco Fortunato, Ricardo Hernández, Odalís Rosado y otros dos
264 1 _aSanto Domingo :
_bBanco de Reservas,
_c2025.
300 _a264 páginas :
_bfotografías ;
_c32 cm.
336 _atexto
_btxt
_2rdacontent
337 _asin mediación
_bn
_2rdamedia
338 _avolumen
_bnc
_2rdacarrier
500 _aIncluye datos biografícos de los autores en las páginas 261-264.
500 _aTapa dura o cartoné.
504 _aBibliografía p: 243.
504 _aIncluye bibliografías a pie de páginas.
505 0 _tNuestras reservas patrimoniales -- La nueva concepción del patrimonio -- Introducción -- El arte taíno -- El patrimonio monumental -- El PCI -- Reserva patrimonial de la memoria y sitios -- Dimensión jurídica del patrimonio cultural -- Patrimonio natural de República Dominicana -- Reservas patrimoniales como tesoros humanos -- Contribuciones del cacao -- El camino del café -- Viaje del azúcar -- El conuco tabacalero -- La economía hatera y su impronta cultura -- Reseñas sobre los autores /
520 _aLibro creado para reconocer y presentar el valor de los patrimonios de nuestra República Dominicana, cumpliendo con un cometido además de educativo, de divulgación, que contribuye con las iniciativas de los organismos estatales responsables, a su cuidado, protección y salvaguarda.
590 _aInventariado, 2019/ YL
700 1 _aMateo, Andrés L.
_eprologuista
_4pr.
_985249
700 1 _aGarcía Arévalo, Manuel
_etextos
_4te.
_982908
700 1 _aCapellán, Japonesa
_etextos
_4te.
_988606
700 1 _aSánchez, Edis
_etextos
_4te.
_955643
700 1 _aAndújar Persinal, Carlos
_etextos
_4te.
_984596
700 1 _aEspinal Hernández, Edwin
_etextos
_4te.
_988607
700 1 _aTroncoso Morales, Bolívar
_etextos
_4te.
_910922
700 1 _aTejeda Ortiz, Dagoberto
_etextos
_4te.
_983629
700 1 _aMedina, Idelfonso
_etextos
_4te.
_988608
700 1 _aLozano, Wilfredo
_etextos
_4te.
_981507
700 1 _aCastillo Pichardo, José del
_etextos
_4te.
_943246
700 1 _aFerrán, Fernando I.
_etextos
_4te.
_935398
700 1 _aCruz, César de la
_efotografías
_4fot.
_988609
700 1 _aEstévez, Timoteo
_efotografías
_4fot.
_988610
700 1 _aFortunato, Francisco
_efotografías
_4fot.
_988611
700 1 _aHernández, Ricardo
_efotografías
_4fot.
_956059
700 1 _aRosado, Odalís
_efotografías
_4fot.
_977964
700 1 _aSoto, David
_efotografías
_4fot.
_988612
700 1 _aVargas Lassis, Pedro
_efotografías
_4fot.
_988613
910 _aYlockward
942 _2ddc
_cLBS1
999 _c59873
_d59873